000 00480nam a22001817a 4500
003 OSt
008 231027b |||||||| |||| 00| 0 eng d
041 _aMAL
082 _a581.5 WEA
100 _aVivar, John E
_95544
245 _aSasyaparisthitivijnanam
250 _a1st
260 _aTrivandrum:
_bState Institute f Languages,
_c1976.
300 _a832pages.
650 _aPlant Ecology
_95545
700 _aClemenz, Frederick E and Alexander, Walter E
_95546
942 _cBK
999 _c17762
_d17762